Comparative Study Of High Intensity Interval Training And High Intensity Circuit Training On Agility Spees Strength And Cardiopolmonary Endurance In Aspiring State Level Cricket Players (Record no. 26366)

MARC details
000 -LEADER
fixed length control field 00490nam a22001337a 4500
003 - CONTROL NUMBER IDENTIFIER
control field SGT
082 ## - DEWEY DECIMAL CLASSIFICATION NUMBER
Classification number 617.84
Item number C21K
100 ## - MAIN ENTRY--PERSONAL NAME
Personal name KHAN, IMRAN MUSHTAQ
245 ## - TITLE STATEMENT
Title Comparative Study Of High Intensity Interval Training And High Intensity Circuit Training On Agility Spees Strength And Cardiopolmonary Endurance In Aspiring State Level Cricket Players
260 ## - PUBLICATION, DISTRIBUTION, ETC. (IMPRINT)
Place of publication, distribution, etc SGT UNIVERSITY
Year of Publication 2021
300 ## - PAGE DESCRIPTION
No. of Pages 122
650 ## - SUBJECT ADDED ENTRY--TOPICAL TERM
Topical term or geographic name as entry element Comparative Study Of High Intensity Interval Training
942 ## - ADDED ENTRY ELEMENTS (KOHA)
Source of classification or shelving scheme Dewey Decimal Classification
Koha item type Thesis/Dissertation
Holdings
Withdrawn status Lost status Source of classification or shelving scheme Damaged status Not for loan Collection code Home library Current library Shelving location Date acquired Vendor Name Total Checkouts Full call number Accession No. (Barcode) Date last seen Bill Date Koha item type
    Dewey Decimal Classification   Not For Loan MEDICAL SGT Medical Library SGT Medical Library Reference Book 24/05/2024 MPT SCHOLAR   617.84 C21K DT1318 24/05/2024 24/05/2024 Thesis/Dissertation